000 00755nam a22001697a 4500
999 _c61003
_d61003
005 20231205162124.0
008 231205s1979 ru ||||| |||| 00| 0 rus d
041 _arus
080 _a821.14'01-96 Д-44
100 _aДиоген, Лаэртский
_920591
245 _aО жизни, учениях и изречениях знаменитых философов /
_cДиоген Лаерсткий; Академия наук СССР, Институт философии.
264 _aМосква :
_bМысль,
_c1979.
300 _a619 с.
_b21 см.
653 _aძველი ბერძნული ფილოსოფია
653 _aძველი ბერძენი ფილოსოფოსები
942 _2udc
_cBK